000 00794nam a2200229 i 4500
001 124718
003 ES-MaACL
005 20231229063034.0
007 t|
008 070418s1918 sp ||||1| spa d
100 1 _aRomea, Julián,
_d1813-1868
_999280
245 1 3 _aEl padrino de "El Nene" o Todo por el arte
_b: sainete lírico en tres cuadros /
_coriginal de Julián Romea.
260 _a[Madrid :
_bLa Novela Teatral,
_c1918]
300 _a11 h. ;
_c20 cm.
490 1 _aLa novela teatral ;
_v94
500 _aEn la cub. caricatura del Maestro Quinito Valverde por Tovar.
700 0 _aTovar
_c, ilustrador.
_9157378
740 0 _aTodo por el arte!
830 0 _aLa novela teatral ;
_v94
_9122427
852 _aES-MaACL
_j2215-F-26
_bR.138721
999 _c124718
_d124718